[Event "Irena Warakomska Memorial B"]
[Site "Suwalki"]
[Date "2020.08.08"]
[Round "4"]
[White "Sapinski, Sebastian"]
[Black "Walendykiewicz, Martyna"]
[Result "1-0"]
[Board "18"]
[WhiteElo "1599"]
[WhiteCountry "POL"]
[WhiteFideId "21817340"]
[WhiteEloChange "2"]
[BlackElo "1181"]
[BlackCountry "POL"]
[BlackFideId "21832927"]
[BlackEloChange "-2"]

1. e4 {[%clk 1:30:30]} e5 {[%clk 1:30:30]} 2. Nf3 {[%clk 1:30:30]} Nf6 {[%clk
1:30:30]} 3. Nxe5 {[%clk 1:30:30]} d6 {[%clk 1:30:30]} 4. Nf3 {[%clk 1:30:30]}
Nxe4 {[%clk 1:30:30]} 5. Nc3 {[%clk 1:30:30]} Nxc3 {[%clk 1:30:30]} 6. dxc3
{[%clk 1:30:30]} Bg4 {[%clk 1:30:30]} 7. h3 {[%clk 1:30:30]} Be6 {[%clk 1:30:30]}
8. Bd3 {[%clk 1:30:30]} Nc6 {[%clk 1:30:30]} 9. Qe2 {[%clk 1:30:30]} Be7 {[%clk
1:30:30]} 10. Bd2 {[%clk 1:30:30]} Qd7 {[%clk 1:30:30]} 11. O-O-O {[%clk
1:30:30]} O-O-O {[%clk 1:30:30]} 12. Kb1 {[%clk 1:30:30]} Bf6 {[%clk 1:30:30]}
13. Be3 {[%clk 1:30:30]} Kb8 {[%clk 1:30:30]} 14. Bb5 {[%clk 1:30:30]} Qe8 {[%clk
1:30:30]} 15. Rhe1 {[%clk 1:30:30]} Bd7 {[%clk 1:30:30]} 16. Qd2 {[%clk 1:30:30]}
Ne7 {[%clk 1:30:30]} 17. Bf1 {[%clk 1:30:30]} Bc6 {[%clk 1:30:30]} 18. Nd4 {[%clk
1:30:30]} Qd7 {[%clk 1:30:30]} 19. Nxc6+ {[%clk 1:30:30]} Qxc6 {[%clk 1:30:30]}
20. g4 {[%clk 1:30:30]} Nc8 {[%clk 1:30:30]} 21. f4 {[%clk 1:30:30]} Rhe8 {[%clk
1:30:30]} 22. Bg2 {[%clk 1:30:30]} Qb5 {[%clk 1:30:30]} 23. g5 {[%clk 1:30:30]}
Be7 {[%clk 1:30:30]} 24. Qd4 {[%clk 1:30:30]} Bf8 {[%clk 1:30:30]} 25. c4 {[%clk
1:30:30]} Qa5 {[%clk 1:30:30]} 26. Qd3 {[%clk 1:30:30]} Ne7 {[%clk 1:30:30]} 27.
Qb3 {[%clk 1:30:30]} Qa6 {[%clk 1:30:30]} 28. Qd3 {[%clk 1:30:30]} g6 {[%clk
1:30:30]} 29. Bf2 {[%clk 1:30:30]} Bg7 {[%clk 1:30:30]} 30. Qf3 {[%clk 1:30:30]}
Nc6 {[%clk 1:30:30]} 31. Bf1 {[%clk 1:30:30]} Qa5 {[%clk 1:30:30]} 32. c3 {[%clk
1:30:30]} Qf5+ {[%clk 1:30:30]} 33. Bd3 {[%clk 1:30:30]} Qc8 {[%clk 1:30:30]} 34.
Be4 {[%clk 1:30:30]} Ne7 {[%clk 1:30:30]} 35. Re2 {[%clk 1:30:30]} Ng8 {[%clk
1:30:30]} 36. Rde1 {[%clk 1:30:30]} c6 {[%clk 1:30:30]} 37. Qe3 {[%clk 1:30:30]}
b6 {[%clk 1:30:30]} 38. Qf3 {[%clk 1:30:30]} d5 {[%clk 1:30:30]} 39. cxd5 {[%clk
1:30:30]} cxd5 {[%clk 1:30:30]} 40. Bxd5 {[%clk 1:30:30]} Rxe2 {[%clk 1:30:30]}
41. Rxe2 {[%clk 1:30:30]} Qf5+ {[%clk 1:30:30]} 42. Be4 {[%clk 1:30:30]} Qd7
{[%clk 1:30:30]} 43. Bc2 {[%clk 1:30:30]} Ne7 {[%clk 1:30:30]} 44. Re1 {[%clk
1:30:30]} Nf5 {[%clk 1:30:30]} 45. Rd1 {[%clk 1:30:30]} Qe7 {[%clk 1:30:30]} 46.
Rxd8+ {[%clk 1:30:30]} Qxd8 {[%clk 1:30:30]} 47. Qd3 {[%clk 1:30:30]} Qc7 {[%clk
1:30:30]} 48. Qe4 {[%clk 1:30:30]} Nd6 {[%clk 1:30:30]} 49. Qe2 {[%clk 1:30:30]}
Qc6 {[%clk 1:30:30]} 50. h4 {[%clk 1:30:30]} Qh1+ {[%clk 1:30:30]} 51. Qd1 {[%clk
1:30:30]} Qc6 {[%clk 1:30:30]} 52. h5 {[%clk 1:30:30]} Kc7 {[%clk 1:30:30]} 53.
h6 {[%clk 1:30:30]} Bf8 {[%clk 1:30:30]} 54. Bd4 {[%clk 1:30:30]} Nf5 {[%clk
1:30:30]} 55. Be5+ {[%clk 1:30:30]} Bd6 {[%clk 1:30:30]} 56. Bxf5 {[%clk
1:30:30]} gxf5 {[%clk 1:30:30]} 57. Qd4 {[%clk 1:30:30]} Qh1+ {[%clk 1:30:30]}
58. Kc2 {[%clk 1:30:30]} Qg2+ {[%clk 1:30:30]} 59. Kb3 {[%clk 1:30:30]} Qc6
{[%clk 1:30:30]} 60. Qxd6+ {[%clk 1:30:30]} Qxd6 {[%clk 1:30:30]} 61. Bxd6+
{[%clk 1:30:30]} Kxd6 {[%clk 1:30:30]} 62. Kc4 {[%clk 1:30:30]} Kc6 {[%clk
1:30:30]} 63. Kd4 {[%clk 1:30:30]} Kd6 {[%clk 1:30:30]} 64. c4 {[%clk 1:30:30]}
a6 {[%clk 1:30:30]} 65. b4 {[%clk 1:30:30]} a5 {[%clk 1:30:30]} 66. bxa5 {[%clk
1:30:30]} bxa5 {[%clk 1:30:30]} 1-0

[Event "Irena Warakomska Memorial B"]
[Site "Suwalki"]
[Date "2020.08.08"]
[Round "4"]
[White "Krzastek, Adrian"]
[Black "Kopaczewski, Zbigniew"]
[Result "0-1"]
[Board "19"]
[WhiteElo "1128"]
[WhiteCountry "POL"]
[WhiteFideId "21030111"]
[WhiteEloChange "-3"]
[BlackElo "1464"]
[BlackCountry "POL"]
[BlackFideId "1154974"]
[BlackEloChange "3"]

1. e4 {[%clk 1:30:30]} e6 {[%clk 1:30:30]} 2. d4 {[%clk 1:30:30]} d5 {[%clk
1:30:30]} 3. e5 {[%clk 1:30:30]} c5 {[%clk 1:30:30]} 4. Nf3 {[%clk 1:30:30]} cxd4
{[%clk 1:30:30]} 5. Nxd4 {[%clk 1:30:30]} a6 {[%clk 1:30:30]} 6. a4 {[%clk
1:30:30]} Bc5 {[%clk 1:30:30]} 7. Be2 {[%clk 1:30:30]} Nd7 {[%clk 1:30:30]} 8.
Be3 {[%clk 1:30:30]} Qb6 {[%clk 1:30:30]} 9. a5 {[%clk 1:30:30]} Qxb2 {[%clk
1:30:30]} 10. Ra4 {[%clk 1:30:30]} b5 {[%clk 1:30:30]} 11. axb6 {[%clk 1:30:30]}
Nxb6 {[%clk 1:30:30]} 12. Ra5 {[%clk 1:30:30]} Bb4+ {[%clk 1:30:30]} 13. Bd2
{[%clk 1:30:30]} Bxd2+ {[%clk 1:30:30]} 14. Qxd2 {[%clk 1:30:30]} Qxb1+ {[%clk
1:30:30]} 15. Bd1 {[%clk 1:30:30]} Nc4 {[%clk 1:30:30]} 16. Qc3 {[%clk 1:30:30]}
Nxa5 {[%clk 1:30:30]} 17. Qxa5 {[%clk 1:30:30]} Ne7 {[%clk 1:30:30]} 18. O-O
{[%clk 1:30:30]} O-O {[%clk 1:30:30]} 19. Nb3 {[%clk 1:30:30]} Qb2 {[%clk
1:30:30]} 20. Qc5 {[%clk 1:30:30]} Ng6 {[%clk 1:30:30]} 21. f4 {[%clk 1:30:30]}
Bd7 {[%clk 1:30:30]} 22. Qd6 {[%clk 1:30:30]} Rfd8 {[%clk 1:30:30]} 23. Qb6
{[%clk 1:30:30]} Bb5 {[%clk 1:30:30]} 24. Rf2 {[%clk 1:30:30]} d4 {[%clk
1:30:30]} 25. c4 {[%clk 1:30:30]} Qb1 {[%clk 1:30:30]} 26. Rf1 {[%clk 1:30:30]}
Bxc4 {[%clk 1:30:30]} 27. Qb4 {[%clk 1:30:30]} Bxf1 {[%clk 1:30:30]} 0-1

[Event "Irena Warakomska Memorial B"]
[Site "Suwalki"]
[Date "2020.08.08"]
[Round "4"]
[White "Peksa, Zuzanna"]
[Black "Pieczulis, Hubert"]
[Result "1-0"]
[Board "20"]
[WhiteElo "1146"]
[WhiteCountry "POL"]
[WhiteFideId "21892318"]
[WhiteEloChange "17"]
[BlackElo "1456"]
[BlackCountry "POL"]
[BlackFideId "21860335"]
[BlackEloChange "-17"]

1. e4 {[%clk 1:30:30]} c5 {[%clk 1:30:30]} 2. Nf3 {[%clk 1:30:30]} Nc6 {[%clk
1:30:30]} 3. d4 {[%clk 1:30:30]} cxd4 {[%clk 1:30:30]} 4. Nxd4 {[%clk 1:30:30]}
Nf6 {[%clk 1:30:30]} 5. Nc3 {[%clk 1:30:30]} e5 {[%clk 1:30:30]} 6. Ndb5 {[%clk
1:30:30]} d6 {[%clk 1:30:30]} 7. Bg5 {[%clk 1:30:30]} a6 {[%clk 1:30:30]} 8. Na3
{[%clk 1:30:30]} b5 {[%clk 1:30:30]} 9. Nd5 {[%clk 1:30:30]} Be7 {[%clk 1:30:30]}
10. Bxf6 {[%clk 1:30:30]} Bxf6 {[%clk 1:30:30]} 11. c3 {[%clk 1:30:30]} Bb7
{[%clk 1:30:30]} 12. Be2 {[%clk 1:30:30]} O-O {[%clk 1:30:30]} 13. Nc2 {[%clk
1:30:30]} Bg5 {[%clk 1:30:30]} 14. c4 {[%clk 1:30:30]} bxc4 {[%clk 1:30:30]} 15.
Bxc4 {[%clk 1:30:30]} Na5 {[%clk 1:30:30]} 16. Qe2 {[%clk 1:30:30]} Nxc4 {[%clk
1:30:30]} 17. Qxc4 {[%clk 1:30:30]} Rc8 {[%clk 1:30:30]} 18. Qe2 {[%clk 1:30:30]}
Bxd5 {[%clk 1:30:30]} 19. exd5 {[%clk 1:30:30]} Qa5+ {[%clk 1:30:30]} 20. b4
{[%clk 1:30:30]} Qxd5 {[%clk 1:30:30]} 21. O-O {[%clk 1:30:30]} Qc4 {[%clk
1:30:30]} 22. Qh5 {[%clk 1:30:30]} h6 {[%clk 1:30:30]} 23. Ne3 {[%clk 1:30:30]}
Bxe3 {[%clk 1:30:30]} 24. fxe3 {[%clk 1:30:30]} Qxb4 {[%clk 1:30:30]} 25. Rad1
{[%clk 1:30:30]} Rc2 {[%clk 1:30:30]} 26. Rf3 {[%clk 1:30:30]} Qe4 {[%clk
1:30:30]} 27. Rdf1 {[%clk 1:30:30]} Rxa2 {[%clk 1:30:30]} 28. Rg3 {[%clk
1:30:30]} Kh7 {[%clk 1:30:30]} 29. h3 {[%clk 1:30:30]} g6 {[%clk 1:30:30]} 30.
Qd1 {[%clk 1:30:30]} Qc6 {[%clk 1:30:30]} 31. Qb3 {[%clk 1:30:30]} Qc2 {[%clk
1:30:30]} 32. Rxf7+ {[%clk 1:30:30]} Kg8 {[%clk 1:30:30]} 33. Rxf8+ {[%clk
1:30:30]} Kxf8 {[%clk 1:30:30]} 34. Rf3+ {[%clk 1:30:30]} Ke8 {[%clk 1:30:30]}
35. Qe6+ {[%clk 1:30:30]} Kd8 {[%clk 1:30:30]} 36. Qxd6+ {[%clk 1:30:30]} Kc8
{[%clk 1:30:30]} 37. Rf8+ {[%clk 1:30:30]} Kb7 {[%clk 1:30:30]} 38. Rf7+ {[%clk
1:30:30]} Kc8 {[%clk 1:30:30]} 39. Qf8# {[%clk 1:30:30]} 1-0

[Event "Irena Warakomska Memorial B"]
[Site "Suwalki"]
[Date "2020.08.08"]
[Round "4"]
[White "Towarnicka, Izabela"]
[Black "Zawal, Tomasz"]
[Result "1-0"]
[Board "21"]
[WhiteElo "1397"]
[WhiteCountry "POL"]
[WhiteFideId "21033170"]
[WhiteEloChange "3"]
[BlackElo "1106"]
[BlackCountry "POL"]
[BlackFideId "21895724"]
[BlackEloChange "-3"]

1. e4 {[%clk 1:30:30]} c6 {[%clk 1:30:30]} 2. c4 {[%clk 1:30:30]} d5 {[%clk
1:30:30]} 3. cxd5 {[%clk 1:30:30]} cxd5 {[%clk 1:30:30]} 4. e5 {[%clk 1:30:30]}
Bf5 {[%clk 1:30:30]} 5. d4 {[%clk 1:30:30]} e6 {[%clk 1:30:30]} 6. Qa4+ {[%clk
1:30:30]} Nc6 {[%clk 1:30:30]} 7. Nf3 {[%clk 1:30:30]} Bb4+ {[%clk 1:30:30]} 8.
Nc3 {[%clk 1:30:30]} Qa5 {[%clk 1:30:30]} 9. Qb3 {[%clk 1:30:30]} Nge7 {[%clk
1:30:30]} 10. a3 {[%clk 1:30:30]} O-O {[%clk 1:30:30]} 11. Be2 {[%clk 1:30:30]}
Rfc8 {[%clk 1:30:30]} 12. O-O {[%clk 1:30:30]} Bxc3 {[%clk 1:30:30]} 13. bxc3
{[%clk 1:30:30]} Rc7 {[%clk 1:30:30]} 14. Nh4 {[%clk 1:30:30]} Rac8 {[%clk
1:30:30]} 15. Bb2 {[%clk 1:30:30]} a6 {[%clk 1:30:30]} 16. Rac1 {[%clk 1:30:30]}
Na7 {[%clk 1:30:30]} 17. a4 {[%clk 1:30:30]} b5 {[%clk 1:30:30]} 18. axb5 {[%clk
1:30:30]} Rb8 {[%clk 1:30:30]} 19. Ba3 {[%clk 1:30:30]} Nac8 {[%clk 1:30:30]} 20.
Bb4 {[%clk 1:30:30]} Qb6 {[%clk 1:30:30]} 21. bxa6 {[%clk 1:30:30]} Na7 {[%clk
1:30:30]} 22. Qa3 {[%clk 1:30:30]} Nac6 {[%clk 1:30:30]} 23. Bd6 {[%clk 1:30:30]}
Nxd4 {[%clk 1:30:30]} 24. cxd4 {[%clk 1:30:30]} Rxc1 {[%clk 1:30:30]} 25. Qxc1
{[%clk 1:30:30]} 1-0

[Event "Irena Warakomska Memorial B"]
[Site "Suwalki"]
[Date "2020.08.08"]
[Round "4"]
[White "Zawal, Krzysztof"]
[Black "Racis, Michal"]
[Result "0-1"]
[Board "22"]
[WhiteElo "1114"]
[WhiteCountry "POL"]
[WhiteFideId "21023255"]
[WhiteEloChange "-2"]
[BlackElo "1554"]
[BlackCountry "POL"]
[BlackFideId "21886717"]
[BlackEloChange "2"]

1. d4 {[%clk 1:30:30]} f5 {[%clk 1:30:30]} 2. c4 {[%clk 1:30:30]} e6 {[%clk
1:30:30]} 3. Nc3 {[%clk 1:30:30]} Nf6 {[%clk 1:30:30]} 4. Nf3 {[%clk 1:30:30]}
Be7 {[%clk 1:30:30]} 5. Bf4 {[%clk 1:30:30]} O-O {[%clk 1:30:30]} 6. e3 {[%clk
1:30:30]} b6 {[%clk 1:30:30]} 7. Bd3 {[%clk 1:30:30]} Bb7 {[%clk 1:30:30]} 8. O-O
{[%clk 1:30:30]} Ne4 {[%clk 1:30:30]} 9. Nb5 {[%clk 1:30:30]} d6 {[%clk 1:30:30]}
10. Qc2 {[%clk 1:30:30]} Nd7 {[%clk 1:30:30]} 11. Bxe4 {[%clk 1:30:30]} Bxe4
{[%clk 1:30:30]} 12. Qe2 {[%clk 1:30:30]} Kh8 {[%clk 1:30:30]} 13. h3 {[%clk
1:30:30]} h6 {[%clk 1:30:30]} 14. Nc3 {[%clk 1:30:30]} g5 {[%clk 1:30:30]} 15.
Bh2 {[%clk 1:30:30]} Nf6 {[%clk 1:30:30]} 16. Nd2 {[%clk 1:30:30]} Bb7 {[%clk
1:30:30]} 17. f3 {[%clk 1:30:30]} g4 {[%clk 1:30:30]} 18. fxg4 {[%clk 1:30:30]}
fxg4 {[%clk 1:30:30]} 19. hxg4 {[%clk 1:30:30]} Rg8 {[%clk 1:30:30]} 20. Bf4
{[%clk 1:30:30]} Rxg4 {[%clk 1:30:30]} 21. Nf3 {[%clk 1:30:30]} Nh5 {[%clk
1:30:30]} 22. Ne5 {[%clk 1:30:30]} dxe5 {[%clk 1:30:30]} 23. Qxg4 {[%clk
1:30:30]} Nxf4 {[%clk 1:30:30]} 24. exf4 {[%clk 1:30:30]} Qxd4+ {[%clk 1:30:30]}
25. Kh1 {[%clk 1:30:30]} Rg8 {[%clk 1:30:30]} 26. Qh5 {[%clk 1:30:30]} Rxg2
{[%clk 1:30:30]} 27. Qxh6+ {[%clk 1:30:30]} Kg8 {[%clk 1:30:30]} 28. Qxe6+ {[%clk
1:30:30]} Kf8 {[%clk 1:30:30]} 29. Qxe5 {[%clk 1:30:30]} Rf2+ {[%clk 1:30:30]}
30. Nd5 {[%clk 1:30:30]} 0-1

[Event "Irena Warakomska Memorial B"]
[Site "Suwalki"]
[Date "2020.08.08"]
[Round "4"]
[White "Owczarz, Michal"]
[Black "Cwiek, Stefan"]
[Result "0-1"]
[Board "23"]
[WhiteElo "1018"]
[WhiteCountry "POL"]
[WhiteFideId "21048665"]
[WhiteEloChange "-3"]
[BlackElo "1349"]
[BlackCountry "POL"]
[BlackFideId "21857628"]
[BlackEloChange "3"]

1. e4 {[%clk 1:30:30]} e5 {[%clk 1:30:30]} 2. Nf3 {[%clk 1:30:30]} Nc6 {[%clk
1:30:30]} 3. Bb5 {[%clk 1:30:30]} Nge7 {[%clk 1:30:30]} 4. Nc3 {[%clk 1:30:30]}
g6 {[%clk 1:30:30]} 5. d4 {[%clk 1:30:30]} exd4 {[%clk 1:30:30]} 6. Nd5 {[%clk
1:30:30]} Bg7 {[%clk 1:30:30]} 7. Bg5 {[%clk 1:30:30]} h6 {[%clk 1:30:30]} 8. Bf6
{[%clk 1:30:30]} Bxf6 {[%clk 1:30:30]} 9. Nxf6+ {[%clk 1:30:30]} Kf8 {[%clk
1:30:30]} 10. Nd5 {[%clk 1:30:30]} d6 {[%clk 1:30:30]} 11. O-O {[%clk 1:30:30]}
Nxd5 {[%clk 1:30:30]} 12. exd5 {[%clk 1:30:30]} Ne5 {[%clk 1:30:30]} 13. Nxd4
{[%clk 1:30:30]} Kg7 {[%clk 1:30:30]} 14. f4 {[%clk 1:30:30]} Ng4 {[%clk
1:30:30]} 15. Qe2 {[%clk 1:30:30]} a6 {[%clk 1:30:30]} 16. h3 {[%clk 1:30:30]}
Nf6 {[%clk 1:30:30]} 17. Bc4 {[%clk 1:30:30]} Re8 {[%clk 1:30:30]} 18. Qd1 {[%clk
1:30:30]} Ne4 {[%clk 1:30:30]} 19. Rf3 {[%clk 1:30:30]} f5 {[%clk 1:30:30]} 20.
Ne6+ {[%clk 1:30:30]} Bxe6 {[%clk 1:30:30]} 21. dxe6 {[%clk 1:30:30]} Qf6 {[%clk
1:30:30]} 22. c3 {[%clk 1:30:30]} c6 {[%clk 1:30:30]} 23. Bb3 {[%clk 1:30:30]} d5
{[%clk 1:30:30]} 24. Bc2 {[%clk 1:30:30]} d4 {[%clk 1:30:30]} 25. Rc1 {[%clk
1:30:30]} c5 {[%clk 1:30:30]} 26. Ba4 {[%clk 1:30:30]} Rxe6 {[%clk 1:30:30]} 27.
a3 {[%clk 1:30:30]} Rb8 {[%clk 1:30:30]} 28. b4 {[%clk 1:30:30]} Nxc3 {[%clk
1:30:30]} 29. Rcxc3 {[%clk 1:30:30]} dxc3 {[%clk 1:30:30]} 0-1

[Event "Irena Warakomska Memorial B"]
[Site "Suwalki"]
[Date "2020.08.08"]
[Round "4"]
[White "Borowik, Monika"]
[Black "Wardziak, Ewa"]
[Result "1-0"]
[Board "24"]
[WhiteElo "1348"]
[WhiteCountry "POL"]
[WhiteFideId "21845123"]
[WhiteEloChange "8"]
[BlackElo "1280"]
[BlackCountry "POL"]
[BlackFideId "1156373"]
[BlackEloChange "-8"]

1. d4 {[%clk 1:30:30]} d5 {[%clk 1:30:30]} 2. Nf3 {[%clk 1:30:30]} Nf6 {[%clk
1:30:30]} 3. c4 {[%clk 1:30:30]} e6 {[%clk 1:30:30]} 4. Nc3 {[%clk 1:30:30]} Bb4
{[%clk 1:30:30]} 5. e3 {[%clk 1:30:30]} c6 {[%clk 1:30:30]} 6. a3 {[%clk
1:30:30]} Bxc3+ {[%clk 1:30:30]} 7. bxc3 {[%clk 1:30:30]} Ne4 {[%clk 1:30:30]} 8.
Qc2 {[%clk 1:30:30]} Nd7 {[%clk 1:30:30]} 9. Bd3 {[%clk 1:30:30]} Ndf6 {[%clk
1:30:30]} 10. Nd2 {[%clk 1:30:30]} Nxf2 {[%clk 1:30:30]} 11. Kxf2 {[%clk
1:30:30]} Ng4+ {[%clk 1:30:30]} 12. Ke2 {[%clk 1:30:30]} Qg5 {[%clk 1:30:30]} 13.
Nf3 {[%clk 1:30:30]} Qh5 {[%clk 1:30:30]} 14. Bd2 {[%clk 1:30:30]} e5 {[%clk
1:30:30]} 15. cxd5 {[%clk 1:30:30]} cxd5 {[%clk 1:30:30]} 16. Bb5+ {[%clk
1:30:30]} Bd7 {[%clk 1:30:30]} 17. Bxd7+ {[%clk 1:30:30]} Kxd7 {[%clk 1:30:30]}
18. h3 {[%clk 1:30:30]} e4 {[%clk 1:30:30]} 19. hxg4 {[%clk 1:30:30]} Qxg4 {[%clk
1:30:30]} 20. Rag1 {[%clk 1:30:30]} exf3+ {[%clk 1:30:30]} 21. gxf3 {[%clk
1:30:30]} Qe6 {[%clk 1:30:30]} 22. Rxg7 {[%clk 1:30:30]} h6 {[%clk 1:30:30]} 23.
Rh5 {[%clk 1:30:30]} b5 {[%clk 1:30:30]} 24. Qf5 {[%clk 1:30:30]} Qxf5 {[%clk
1:30:30]} 25. Rxf5 {[%clk 1:30:30]} h5 {[%clk 1:30:30]} 26. Rgxf7+ {[%clk
1:30:30]} Kd6 {[%clk 1:30:30]} 27. R5f6# {[%clk 1:30:30]} 1-0

[Event "Irena Warakomska Memorial B"]
[Site "Suwalki"]
[Date "2020.08.08"]
[Round "4"]
[White "Wisniewski, Wiktor"]
[Black "Pietryk, Joanna"]
[Result "1/2-1/2"]
[Board "25"]
[WhiteElo "1075"]
[WhiteCountry "POL"]
[WhiteFideId "1196294"]
[WhiteEloChange "6"]
[BlackElo "1313"]
[BlackCountry "POL"]
[BlackFideId "21881308"]
[BlackEloChange "-6"]

1. b3 {[%clk 1:30:30]} d5 {[%clk 1:30:30]} 2. Bb2 {[%clk 1:30:30]} c5 {[%clk
1:30:30]} 3. e3 {[%clk 1:30:30]} Bf5 {[%clk 1:30:30]} 4. Nf3 {[%clk 1:30:30]} Nc6
{[%clk 1:30:30]} 5. Bb5 {[%clk 1:30:30]} f6 {[%clk 1:30:30]} 6. d4 {[%clk
1:30:30]} cxd4 {[%clk 1:30:30]} 7. Nxd4 {[%clk 1:30:30]} Bd7 {[%clk 1:30:30]} 8.
Qh5+ {[%clk 1:30:30]} g6 {[%clk 1:30:30]} 9. Qxd5 {[%clk 1:30:30]} Nxd4 {[%clk
1:30:30]} 10. Bxd7+ {[%clk 1:30:30]} Qxd7 {[%clk 1:30:30]} 11. Qxd7+ {[%clk
1:30:30]} Kxd7 {[%clk 1:30:30]} 12. Bxd4 {[%clk 1:30:30]} e5 {[%clk 1:30:30]} 13.
Bb2 {[%clk 1:30:30]} Bc5 {[%clk 1:30:30]} 14. Nc3 {[%clk 1:30:30]} Ke6 {[%clk
1:30:30]} 15. O-O-O {[%clk 1:30:30]} Ne7 {[%clk 1:30:30]} 16. Ne4 {[%clk
1:30:30]} Rac8 {[%clk 1:30:30]} 17. Nxc5+ {[%clk 1:30:30]} Rxc5 {[%clk 1:30:30]}
18. Ba3 {[%clk 1:30:30]} Rc7 {[%clk 1:30:30]} 19. Rd6+ {[%clk 1:30:30]} Kf7
{[%clk 1:30:30]} 20. Rhd1 {[%clk 1:30:30]} Rhc8 {[%clk 1:30:30]} 21. c4 {[%clk
1:30:30]} b5 {[%clk 1:30:30]} 22. Rd7 {[%clk 1:30:30]} Ke6 {[%clk 1:30:30]} 23.
R1d6+ {[%clk 1:30:30]} Kf7 {[%clk 1:30:30]} 24. c5 {[%clk 1:30:30]} a5 {[%clk
1:30:30]} 25. b4 {[%clk 1:30:30]} axb4 {[%clk 1:30:30]} 26. Bxb4 {[%clk 1:30:30]}
Ke8 {[%clk 1:30:30]} 27. Rxc7 {[%clk 1:30:30]} Rxc7 {[%clk 1:30:30]} 28. e4
{[%clk 1:30:30]} Nc6 {[%clk 1:30:30]} 29. a3 {[%clk 1:30:30]} Ke7 {[%clk
1:30:30]} 30. Kc2 {[%clk 1:30:30]} Kf7 {[%clk 1:30:30]} 31. Kd3 {[%clk 1:30:30]}
Ke7 {[%clk 1:30:30]} 32. Kc3 {[%clk 1:30:30]} Kf7 {[%clk 1:30:30]} 33. a4 {[%clk
1:30:30]} bxa4 {[%clk 1:30:30]} 34. Kc4 {[%clk 1:30:30]} Nxb4 {[%clk 1:30:30]}
35. Kxb4 {[%clk 1:30:30]} Ra7 {[%clk 1:30:30]} 36. Ka3 {[%clk 1:30:30]} Ke7
{[%clk 1:30:30]} 37. Rb6 {[%clk 1:30:30]} f5 {[%clk 1:30:30]} 38. exf5 {[%clk
1:30:30]} gxf5 {[%clk 1:30:30]} 39. c6 {[%clk 1:30:30]} Rc7 {[%clk 1:30:30]} 40.
Kxa4 {[%clk 1:30:30]} Kd6 {[%clk 1:30:30]} 41. Kb5 {[%clk 1:30:30]} h6 {[%clk
1:30:30]} 42. Rb8 {[%clk 1:30:30]} 1/2-1/2

[Event "Irena Warakomska Memorial B"]
[Site "Suwalki"]
[Date "2020.08.08"]
[Round "4"]
[White "Wiszniewska, Gabriela"]
[Black "Maliszewski, Stefan"]
[Result "1-0"]
[Board "29"]
[WhiteElo "1194"]
[WhiteCountry "POL"]
[WhiteFideId "21860513"]
[WhiteEloChange "7"]
[BlackElo "1083"]
[BlackCountry "POL"]
[BlackFideId "21000034"]
[BlackEloChange "-7"]

1. e4 {[%clk 1:30:30]} c5 {[%clk 1:30:30]} 2. Nf3 {[%clk 1:30:30]} e6 {[%clk
1:30:30]} 3. d4 {[%clk 1:30:30]} cxd4 {[%clk 1:30:30]} 4. Nxd4 {[%clk 1:30:30]}
a6 {[%clk 1:30:30]} 5. Nc3 {[%clk 1:30:30]} Qc7 {[%clk 1:30:30]} 6. Be3 {[%clk
1:30:30]} Bb4 {[%clk 1:30:30]} 7. Ne2 {[%clk 1:30:30]} Nf6 {[%clk 1:30:30]} 8. f3
{[%clk 1:30:30]} d5 {[%clk 1:30:30]} 9. exd5 {[%clk 1:30:30]} Nxd5 {[%clk
1:30:30]} 10. Bd2 {[%clk 1:30:30]} Nxc3 {[%clk 1:30:30]} 11. Nxc3 {[%clk
1:30:30]} O-O {[%clk 1:30:30]} 12. Bd3 {[%clk 1:30:30]} Nc6 {[%clk 1:30:30]} 13.
Qe2 {[%clk 1:30:30]} b5 {[%clk 1:30:30]} 14. Qe4 {[%clk 1:30:30]} Qe5 {[%clk
1:30:30]} 15. O-O-O {[%clk 1:30:30]} Qxe4 {[%clk 1:30:30]} 16. Bxe4 {[%clk
1:30:30]} Bb7 {[%clk 1:30:30]} 17. g4 {[%clk 1:30:30]} a5 {[%clk 1:30:30]} 18.
Nxb5 {[%clk 1:30:30]} Bxd2+ {[%clk 1:30:30]} 19. Rxd2 {[%clk 1:30:30]} Rfd8
{[%clk 1:30:30]} 20. Nd6 {[%clk 1:30:30]} f5 {[%clk 1:30:30]} 21. gxf5 {[%clk
1:30:30]} exf5 {[%clk 1:30:30]} 22. Bd5+ {[%clk 1:30:30]} Kf8 {[%clk 1:30:30]}
23. Nxb7 {[%clk 1:30:30]} 1-0

[Event "Irena Warakomska Memorial B"]
[Site "Suwalki"]
[Date "2020.08.08"]
[Round "4"]
[White "Dietrich, Pawel"]
[Black "Peksa, Piotr"]
[Result "1-0"]
[Board "30"]
[WhiteElo "1184"]
[WhiteCountry "POL"]
[WhiteFideId "21023182"]
[WhiteEloChange "6"]
[BlackElo "1018"]
[BlackCountry "POL"]
[BlackFideId "21893659"]
[BlackEloChange "-6"]

1. e4 {[%clk 1:30:30]} c6 {[%clk 1:30:30]} 2. d4 {[%clk 1:30:30]} d5 {[%clk
1:30:30]} 3. e5 {[%clk 1:30:30]} c5 {[%clk 1:30:30]} 4. c3 {[%clk 1:30:30]} Nc6
{[%clk 1:30:30]} 5. Be3 {[%clk 1:30:30]} e6 {[%clk 1:30:30]} 6. Nf3 {[%clk
1:30:30]} Qc7 {[%clk 1:30:30]} 7. Na3 {[%clk 1:30:30]} a6 {[%clk 1:30:30]} 8. Nc2
{[%clk 1:30:30]} Be7 {[%clk 1:30:30]} 9. Be2 {[%clk 1:30:30]} b5 {[%clk 1:30:30]}
10. Qd2 {[%clk 1:30:30]} Bb7 {[%clk 1:30:30]} 11. dxc5 {[%clk 1:30:30]} Nxe5
{[%clk 1:30:30]} 12. Nxe5 {[%clk 1:30:30]} Qxe5 {[%clk 1:30:30]} 13. Bd4 {[%clk
1:30:30]} Qf5 {[%clk 1:30:30]} 14. c6 {[%clk 1:30:30]} Bxc6 {[%clk 1:30:30]} 15.
Bxg7 {[%clk 1:30:30]} Bf6 {[%clk 1:30:30]} 16. Bxh8 {[%clk 1:30:30]} Bxh8 {[%clk
1:30:30]} 17. Nd4 {[%clk 1:30:30]} Bxd4 {[%clk 1:30:30]} 18. cxd4 {[%clk
1:30:30]} Nf6 {[%clk 1:30:30]} 19. f3 {[%clk 1:30:30]} Bd7 {[%clk 1:30:30]} 20.
Qd3 {[%clk 1:30:30]} Qg5 {[%clk 1:30:30]} 21. g3 {[%clk 1:30:30]} Rc8 {[%clk
1:30:30]} 22. O-O {[%clk 1:30:30]} h5 {[%clk 1:30:30]} 23. f4 {[%clk 1:30:30]}
Qg6 {[%clk 1:30:30]} 24. Qxg6 {[%clk 1:30:30]} fxg6 {[%clk 1:30:30]} 25. Bd3
{[%clk 1:30:30]} Kf7 {[%clk 1:30:30]} 26. Rac1 {[%clk 1:30:30]} Ke7 {[%clk
1:30:30]} 27. Rxc8 {[%clk 1:30:30]} Bxc8 {[%clk 1:30:30]} 28. Rc1 {[%clk
1:30:30]} Kd7 {[%clk 1:30:30]} 29. Bxg6 {[%clk 1:30:30]} b4 {[%clk 1:30:30]} 30.
f5 {[%clk 1:30:30]} Kd8 {[%clk 1:30:30]} 31. Rxc8+ {[%clk 1:30:30]} Kxc8 {[%clk
1:30:30]} 32. fxe6 {[%clk 1:30:30]} Kd8 {[%clk 1:30:30]} 33. Kf2 {[%clk 1:30:30]}
Ke7 {[%clk 1:30:30]} 34. Bf5 {[%clk 1:30:30]} Ne8 {[%clk 1:30:30]} 35. g4 {[%clk
1:30:30]} hxg4 {[%clk 1:30:30]} 36. Bxg4 {[%clk 1:30:30]} Nc7 {[%clk 1:30:30]}
37. h4 {[%clk 1:30:30]} Nxe6 {[%clk 1:30:30]} 38. Bxe6 {[%clk 1:30:30]} Kxe6
{[%clk 1:30:30]} 39. Kf3 {[%clk 1:30:30]} Kf5 {[%clk 1:30:30]} 40. h5 {[%clk
1:30:30]} Kg5 {[%clk 1:30:30]} 41. h6 {[%clk 1:30:30]} Kxh6 {[%clk 1:30:30]} 42.
Kf4 {[%clk 1:30:30]} Kh5 {[%clk 1:30:30]} 43. Ke5 {[%clk 1:30:30]} Kg4 {[%clk
1:30:30]} 44. Kxd5 {[%clk 1:30:30]} Kf3 {[%clk 1:30:30]} 45. Kc5 {[%clk 1:30:30]}
Ke3 {[%clk 1:30:30]} 46. d5 {[%clk 1:30:30]} a5 {[%clk 1:30:30]} 47. Kb5 {[%clk
1:30:30]} Kd3 {[%clk 1:30:30]} 48. Kxa5 {[%clk 1:30:30]} Kc4 {[%clk 1:30:30]} 49.
d6 {[%clk 1:30:30]} b3 {[%clk 1:30:30]} 50. axb3+ {[%clk 1:30:30]} Kxb3 {[%clk
1:30:30]} 51. d7 {[%clk 1:30:30]} Kxb2 {[%clk 1:30:30]} 52. d8=Q {[%clk 1:30:30]}
1-0